000 00321 a2200109 4500
001 ART_41592
005 20260410161754.0
008 260409a
245 1 0 _aEvasión tributaria y lavado de dinero
100 1 _aDomínguez, Marcelo E.
773 0 _tDoctrina tributaria
_g- Nº 378 (sep. 2011)
_wREV4296
999 _c19982
_d19982